书目信息 |
| 题名: |
新媒体联盟地平线报告
|
|
| 作者: | ||
| 分册: | ||
| 出版信息: | 北京 中国科学技术出版社 2016.5 |
|
| 页数: | 160 | |
| 开本: | 20 | |
| 丛书名: | ||
| 单 册: | ||
| 中图分类: | G260.53 | |
| 科图分类: | ||
| 主题词: | ||
| 电子资源: | ||
| ISBN: | 978-7-5046-7050-2 | |
| 000 | 00485nam0 2200157 450 | |
| 001 | 202410181524630108 | |
| 005 | 20241018173728.18 | |
| 010 | @a978-7-5046-7050-2@d45 | |
| 100 | @a20241018d km y0chiy0120 ea | |
| 101 | 0 | @achi |
| 200 | 1 | @a新媒体联盟地平线报告@AXin Mei Ti Lian Meng Di Ping Xian Bao Gao |
| 210 | @a北京@c中国科学技术出版社@d2016.5 | |
| 215 | @a160@d20 | |
| 690 | @aG260.53@v4 | |
| 801 | 0 | @aCN@b大连网信软件有限公司图书馆·11@c20241018 |
| 905 | @aZUCC@b7204085@dG260.53@e13@f1 | |
| 新媒体联盟地平线报告.-北京:中国科学技术出版社,2016.5 |
| 160;20 |
| ISBN 978-7-5046-7050-2:45 |
| ● |
| 相关链接 |
|
|
|
|
正题名:新媒体联盟地平线报告
索取号:G260.53/13
 
预约/预借
| 序号 | 登录号 | 条形码 | 馆藏地/架位号 | 状态 | 备注 |
| 1 | 7204085 | 272040855 | 密集书库-物理学院/ [索取号:G260.53/13] | 在馆 |